000 00896nam a2200229Ii 4500
003 JO-AjNU
008 230605s9999||||xx |||||||||||||| ||und||
017 _a2020/8/2801
020 _a978-9957-66-200-4
040 _aJO-AjNU
_bara
_erda
_cJO-AjNU
041 _aara
050 1 4 _aT58 2021
100 3 _aالبشر،فاطمة بنت عبدالله,
_eauthor
_963975
245 0 0 _aالذكاء الاصطناعي في العمل الإداري المتطلبات والتحديات
250 _aط1
264 3 1 _aعمان:دار ومكتبة حامد للنشر والتوزيع،2021
300 _a145ص
336 _atext
_btxt
_2rdacontent
337 _aunmediated
_bn
_2rdamedia
338 _avolume
_bnc
_2rdacarrier
650 4 _aالتعليم العالي-الادارة التربوية-الاصلاحات التربوية-الذكاء الاصطناعي-السعودية
_963976
999 _aA29046
_c32614
_d32614